10 Most requested sermons. (Record no. 14216)

000 -LEADER
fixed length control field 00639nam a2200193 a 4500
001 - CONTROL NUMBER
control field :::00012043$&:&@@
003 - CONTROL NUMBER IDENTIFIER
control field OkBaRHE
005 - DATE AND TIME OF LATEST TRANSACTION
control field 20000607103415.0
008 - FIXED-LENGTH DATA ELEMENTS--GENERAL INFORMATION
fixed length control field s1976 j 000 0 eng u
040 ## - CATALOGING SOURCE
Transcribing agency
100 1# - MAIN ENTRY--PERSONAL NAME
Personal name Ward, C. M. (Charles Morris).
245 10 - TITLE STATEMENT
Title 10 Most requested sermons.
260 ## - PUBLICATION, DISTRIBUTION, ETC. (IMPRINT)
Place of publication, distribution, etc Springfield, MO., :
Name of publisher, distributor, etc The General Council of the Assemblies of God and Revivaltime
Date of publication, distribution, etc c1976
300 ## - PHYSICAL DESCRIPTION
Extent 62 p. ;
Dimensions 21 cm.
650 ## - SUBJECT ADDED ENTRY--TOPICAL TERM
Topical term or geographic name as entry element Assemblies of God
General subdivision Sermons
650 ## - SUBJECT ADDED ENTRY--TOPICAL TERM
Topical term or geographic name as entry element Sermons, American
942 ## - ADDED ENTRY ELEMENTS (KOHA)
Source of classification or shelving scheme
Koha item type Books
Copies
Not for loan Copy number Date acquired Date last seen Price effective from Damaged status Full call number Lost status Barcode Source of classification or shelving scheme Permanent Location Koha item type Withdrawn status Shelving location
 12010-04-142010-04-142010-04-14 BX 8769 .W322 12043 RHEMA Bible Training CollegeBooks General Stacks